|
|
|
|
| LEADER |
00880nam a2200241 a 4500 |
| 001 |
c000047217 |
| 003 |
CARM |
| 005 |
00000000000000.0 |
| 008 |
830301s1932 at 00110 eng d |
| 019 |
1 |
|
|a 2249809
|z 9887594
|5 LACONCORD2021
|
| 035 |
|
|
|a (OCoLC)7542703
|5 LACONCORD2021
|
| 040 |
|
|
|d VSL
|
| 042 |
|
|
|a anuc
|
| 082 |
1 |
|
|a A824.2
|2 19
|
| 100 |
1 |
|
|a Palmer, Nettie,
|d 1885-1964.
|
| 245 |
1 |
0 |
|a Talking it over /
|c by Nettie Palmer.
|
| 260 |
|
|
|a Sydney :
|b Angus & Robertson,
|c 1932.
|
| 300 |
|
|
|a 154 p. ;
|c 19 cm.
|
| 500 |
|
|
|a Includes index.
|
| 500 |
|
|
|a The art of conversation--The bus--The right to Orioles--The tempestuous petticoat.
|
| 852 |
8 |
|
|b CARM
|h A2:AE03G0
|i A00192
|p 0037382
|f BK
|
| 999 |
f |
f |
|i 319308a9-8608-54e8-967f-bba5efdc3704
|s 30ff50cc-e8a3-5d2a-b35d-e4f75a8b2443
|
| 952 |
f |
f |
|p Can circulate
|a CAVAL
|b CAVAL
|c CAVAL
|d CARM 1 Store
|e A00192
|f A2:AE03G0
|h Other scheme
|i book
|m 0037382
|